[Event "Landesliga U20 Nord 1415"]
[Site "Bayern"]
[Date "2015.03.21"]
[Round "7.4"]
[White "Radeczky, Domonkos"]
[Black "Silberstein, Anton"]
[Result "0-1"]
[WhiteElo "1396"]
[BlackElo "1633"]
[PlyCount "54"]
[EventDate "2014.11.15"]
[EventType "team-tourn"]
[EventRounds "7"]
[EventCountry "GER"]
[SourceTitle "EXT 2022"]
[Source "ChessBase"]
[SourceDate "2021.10.06"]
[SourceVersion "1"]
[SourceVersionDate "2021.10.06"]
[SourceQuality "1"]
[WhiteTeam "Regensburg Bavaria U20 II"]
[BlackTeam "Kriegshaber SK U20"]
[WhiteTeamCountry "GER"]
[BlackTeamCountry "GER"]

1. e4 e5 2. Nf3 Nc6 3. Bb5 Bc5 4. d3 Nf6 5. Bxc6 dxc6 6. 0-0 Bg4 7. h3 Bh5 8. Bg5 h6 9. Bh4 Qe7 10. g4 Bg6 11. Nbd2 Qe6 12. Bg3 Nd7 13. Nc4 f6 14. Nh4 Bf7 15. Kg2 h5 16. f4 hxg4 17. hxg4 0-0-0 18. fxe5 fxe5 19. Nf5 Rh7 20. Qe2 b5 21. Nd2 g6 22. Nh4 Be7 23. Rh1 Rdh8 24. Nhf3 Qxg4 25. Rxh7 Rxh7 26. Qf2 Qh3+ 27. Kg1 Qh1# 0-1

[Event "Landesliga U20 Nord 1415"]
[Site "Bayern"]
[Date "2015.01.24"]
[Round "5.3"]
[White "Silberstein, Anton"]
[Black "Moenius, Alexander"]
[Result "0-1"]
[WhiteElo "1633"]
[BlackElo "1850"]
[PlyCount "60"]
[EventDate "2014.11.15"]
[EventType "team-tourn"]
[EventRounds "7"]
[EventCountry "GER"]
[SourceTitle "EXT 2022"]
[Source "ChessBase"]
[SourceDate "2021.10.06"]
[SourceVersion "1"]
[SourceVersionDate "2021.10.06"]
[SourceQuality "1"]
[WhiteTeam "Kriegshaber SK U20"]
[BlackTeam "Hoechstadt SC U20"]
[WhiteTeamCountry "GER"]
[BlackTeamCountry "GER"]

1. e4 c6 2. d4 d5 3. e5 c5 4. c3 Nc6 5. Bb5 e6 6. Bxc6+ bxc6 7. b3 cxd4 8. cxd4 Ba6 9. Ba3 Bxa3 10. Nxa3 Qa5+ 11. Qd2 Qxa3 12. Rc1 Ne7 13. Rc5 Bb5 14. Ne2 Nf5 15. Nc3 Qb4 16. a4 Nxd4 17. Nxb5 Qxd2+ 18. Kxd2 Nxb3+ 19. Ke3 Nxc5 20. Nc7+ Kd7 21. Nxa8 Rxa8 22. Rb1 Rc8 23. Rb4 Rc7 24. Rg4 g6 25. Rh4 h5 26. g4 hxg4 27. Rxg4 Rb7 28. Rf4 Ke7 29. Kf3 Nd3 30. Rd4 Nxe5+ 0-1